|
|
|
|
| LEADER |
00668nam a22001817a 4500 |
| 082 |
|
|
|a 500
|b BHA/J
|
| 100 |
|
|
|a പി ടി ഭാസ്കരപ്പണിക്കര്;
|9 276355
|
| 100 |
|
|
|a P T Bhaskarapanicker
|9 276356
|
| 240 |
|
|
|a Jeevanta Ulbhavam
|
| 245 |
|
|
|a ജീവന്റെ ഉത്ഭവം
|
| 250 |
|
|
|a 1st
|
| 260 |
|
|
|a Kottayam;
|b Prabhath Book House;
|c 1958
|
| 300 |
|
|
|a 64p.
|
| 650 |
|
|
|a മലയാളം;
|9 276357
|
| 650 |
|
|
|a Malayalam;
|9 276358
|
| 942 |
|
|
|c BK
|
| 999 |
|
|
|c 46192
|d 46192
|
| 952 |
|
|
|0 0
|1 0
|4 0
|6 500_000000000000000_BHA_J
|7 0
|8 Science
|9 54032
|a MAL
|b MAL
|d 2015-11-19
|e 17393
|g 1.00
|l 0
|o 500 BHA/J
|p MAL017393
|r 2015-11-19
|t 1
|w 2015-11-19
|y BK
|